000 00533nam a2200157Ia 4500
008 220216s9999 xx 000 0 und d
100 _aGang D R
245 0 _aGenetic variability and relationships among ten populations of rubber rabbitbrush (Chrysothamnus nausiosus ssp. hololeucus) determined by RAPD analysis of bulked genomic DNA samples
260 _bBotanical Bulletin of Academia Sinica
_c1995
300 _a8-Jan
500 _aSource Year: 1995
650 _aRAPD
700 _aWeber D J
856 _uPBA
942 _cJS
999 _c59875
_d59875